Loading...
| History - European | 0 | 9 | 2 | 3 | 80 | 53 | 104.67 | 0 | 1 | 0.00 | 0.00 |
| History - American | 0 | 8 | 2 | 0 | 70 | 74 | 102.88 | 0 | 2 | 0.00 | 0.00 |
| History - Other | 0 | 7 | 3 | 1 | 55 | 102 | 124.14 | 1 | 1 | 0.00 | 0.00 |
| Current Events | 0 | 4 | 1 | 2 | 35 | 62 | 99.75 | 0 | 0 | 0.00 | 0.00 |
| Religion | 0 | 4 | 1 | 0 | 35 | 16 | 99.50 | 1 | 2 | 0.00 | 0.00 |
| History - World | 0 | 5 | 3 | 1 | 35 | 117 | 127.60 | 0 | 0 | 0.00 | 0.00 |
| Social Science | 0 | 3 | 0 | 0 | 30 | 79 | 105.67 | 0 | 0 | 0.00 | 0.00 |
| Literature - British | 0 | 3 | 0 | 0 | 30 | 93 | 114.00 | 0 | 0 | 0.00 | 0.00 |
| Literature - World | 0 | 3 | 1 | 0 | 25 | 82 | 118.33 | 1 | 1 | 0.00 | 0.00 |
| Geography | 0 | 2 | 0 | 0 | 20 | 97 | 108.50 | 0 | 0 | 0.00 | 0.00 |
| Fine Arts - Other | 0 | 2 | 0 | 0 | 20 | 128 | 132.50 | 0 | 0 | 0.00 | 0.00 |
| Mythology | 0 | 2 | 0 | 0 | 20 | 116 | 117.00 | 0 | 1 | 0.00 | 0.00 |
| Literature - European | 0 | 3 | 3 | 0 | 15 | 126 | 138.00 | 0 | 0 | 0.00 | 0.00 |
| Fine Arts - Classical Music | 0 | 2 | 1 | 0 | 15 | 105 | 105.00 | 0 | 0 | 0.00 | 0.00 |
| Philosophy | 0 | 2 | 1 | 0 | 15 | 126 | 129.50 | 0 | 0 | 0.00 | 0.00 |
| Other Academic | 0 | 1 | 0 | 0 | 10 | 106 | 106.00 | 0 | 0 | 0.00 | 0.00 |
| Fine Arts - Painting & Sculpture | 0 | 1 | 0 | 1 | 10 | 141 | 141.00 | 0 | 0 | 0.00 | 0.00 |
| Science - Biology | 0 | 0 | 0 | 0 | 0 | 0.00 | 0 | 0 | 0.00 | 0.00 | |
| Science - Other | 0 | 0 | 1 | 0 | -5 | 0.00 | 0 | 0 | 0.00 | 0.00 |